000 01141cam a22002651i 4500
003 SA-RiAUC
005 20250122072015.0
008 250122s1995 ||| g f000 0 ara c
040 _aEG-CaDAJ
_bara
_cSA-RiAUC
_erda
082 0 4 _a222.8
090 _a222.8
_bا ب ن ا
100 1 _aابن أبي داود، عبد الله بن سليمان بن الأشعث،
_d230-316 هجري
_eمؤلف.
245 1 0 _aكتاب المصاحف /
_cعبد الله بن سليمان بن الأشعث بن أبي داود ؛ تحقيق محب الدين عبد السبحان واعظ.
246 3 0 _aالمصاحف
250 _aالطبعة الأولى.
264 1 _a[مكان النشر غير محدد] :
_bوزارة الأوقاف والشؤون الإسلامية،
_c1995
300 _a2 مجلد،
_b25 سم.
336 _aنص
_btxt
_2rdacontent
_3كتاب
337 _aبدون وسيط
_bn
_2rdamedia
338 _aمجلد
_bnc
_2rdacarrier
650 7 _aالمصاحف
_xكتابة
_2aucsh
700 1 _aواعظ، محب الدين عبد السبحان
_eمحقق.
942 _2ddc
_cBOOK
949 _aSA-JeALM
_d250122
_ukhaled123
_n1
999 _c5096
_d5096